[Event "Wch Seniors 08th"]
[White "Frech, Josef"]
[Black "Casteluzzo, Salvatore"]
[Site "Grieskirchen"]
[Round "9"]
[Result "0-1"]
[Date "1998.11.19"]
[WhiteElo "1829"]
[BlackElo "1891"]
[PlyCount "48"]
[EventDate "1998.11.08"]
[EventType "swiss"]
[EventRounds "11"]
[EventCountry "AUT"]
[SourceTitle "CBM 067 Extra"]
[Source "ChessBase"]
[SourceDate "1999.01.01"]
[SourceVersion "1"]
[SourceVersionDate "1999.01.01"]
[SourceQuality "1"]

1. b4 d6 2. Bb2 e5 3. c4 b6 4. e3 Bb7 5. Nf3 Be7 6. Nc3 Nf6 7. Qc2 0-0 8. Be2 a5 9. b5 Nbd7 10. d4 exd4 11. exd4 Re8 12. 0-0 Bf8 13. Rfe1 g6 14. Nd2 Bg7 15. f3 Nh5 16. Nce4 f5 17. Nf2 Qh4 18. g3 Nxg3 19. hxg3 Qxg3+ 20. Kf1 Nf6 21. Nh1 Qh2 22. Nf2 Nh5 23. Nde4 fxe4 24. Nxe4 Bxe4 0-1

[Event "Wch Seniors 08th"]
[White "Casteluzzo, Salvatore"]
[Black "Burger, Anton"]
[Site "Grieskirchen"]
[Round "6"]
[Result "1/2-1/2"]
[Date "1998.11.15"]
[WhiteElo "1891"]
[BlackElo "1657"]
[PlyCount "120"]
[EventDate "1998.11.08"]
[EventType "swiss"]
[EventRounds "11"]
[EventCountry "AUT"]
[SourceTitle "CBM 067 Extra"]
[Source "ChessBase"]
[SourceDate "1999.01.01"]
[SourceVersion "1"]
[SourceVersionDate "1999.01.01"]
[SourceQuality "1"]

1. d4 Nf6 2. Nf3 g6 3. c3 Bg7 4. Bg5 d5 5. Nbd2 c6 6. e3 Bg4 7. Qb3 Qb6 8. Ne5 Nbd7 9. Nxg4 Nxg4 10. h3 Ngf6 11. Be2 0-0 12. Bf4 Rfe8 13. 0-0 e5 14. dxe5 Nxe5 15. Bg3 Nfd7 16. Rfd1 Nc5 17. Qc2 Ne6 18. Rab1 Rad8 19. Bf1 Bf6 20. Nb3 Kg7 21. a4 Nc5 22. Nxc5 Qxc5 23. b4 Qe7 24. Qb3 a6 25. b5 axb5 26. axb5 Qc5 27. bxc6 bxc6 28. Rbc1 Rb8 29. Qc2 Ra8 30. c4 Nxc4 31. Bxc4 dxc4 32. Qxc4 Qxc4 33. Rxc4 Rec8 34. e4 Ra1 35. Rdc1 Rxc1+ 36. Rxc1 Bd4 37. Kf1 Kf6 38. Ke2 Ke6 39. f3 f5 40. exf5+ Kxf5 41. Rc2 c5 42. Kd3 Rc6 43. Kc4 g5 44. Re2 Re6 45. Rxe6 Kxe6 46. Be1 h5 47. Bd2 Kf5 48. g4+ hxg4 49. hxg4+ Kf6 50. Kd5 Bf2 51. Bc3+ Kg6 52. Ba5 Kf6 53. Bd8+ Kg6 54. Be7 Be3 55. Bxc5 Bf4 56. Ke6 Bd2 57. Bd6 Bc3 58. Be5 Bd2 59. Kd5 Be1 60. Kd4 Bd2 1/2-1/2